| 000 | 00363nam a2200145Ia 4500 | ||
|---|---|---|---|
| 008 | 230525s9999 xx 000 0 und d | ||
| 020 | _a9780143102588 | ||
| 082 |
_a954 _bSHOS |
||
| 100 | _aSHOBHAA DE | ||
| 245 | 0 | _aSuperstar India From Incredible to Unstoppable | |
| 260 |
_aDelhi _bPenguine _c2008 |
||
| 300 | _a456 | ||
| 650 | _aIndian History | ||
| 942 | _cBK | ||
| 999 |
_c3020 _d3020 |
||